Guess the footballer - Statistics

General Stats
  • This quiz has been taken 194 times
  • The average score is 6 of 8
Answer Stats
Picture Answer % Correct
Messi
100%
Ronaldo
97%
Benzema
75%
Lewandowski
73%
Suarez
63%
Bale
62%
Neymar
60%
Neuer
59%
No matching quizzes found
Score Distribution
Percent of People with Each Score
Percentile by Number Answered
Your Score History
You have not taken this quiz